000 03246nam a22003857a 4500
001 85692744
003 OCoLC
005 20210426111704.0
008 070215s2007 nyu b 001 0 eng
010 _a 2007006810
016 _a20079024610
020 _a9781400040810
020 _a1400040817
020 _a9780676979787
020 _a0676979785
035 _a(OCoLC)85692744
040 _aDLC
_cDLC
_dBAKER
_dBTCTA
_dWIQ
_dC#P
_dYDXCP
_dBUR
_dNLC
_dVET
_dIXA
_beng
041 _aeng
049 _aYYEA
080 _a78
_bS-11
096 _aML 3830 S121m 2007
100 1 _aSacks, Oliver,
_d1933-2015.
245 1 0 _aMusicophilia :
_btales of music and the brain /
_c/ by: Alfred A. Knopf
250 _a1st edition
260 _aNew York :
_bAlfred A. Knopf
_c2007.
300 _axiv, 381 p. ;
_c22 cm.
365 _b26 usd
504 _aIncludes bibliographical references (p. 353-367) and index.
505 0 _aHaunted by music. A bolt from the blue : sudden musicophilia ; A strangely familiar feeling : musical seizures ; Fear of music : musicogenic epilepsy ; Music on the brain : imagery and imagination ; Brainworms, sticky music and catchy tunes ; Musical hallucinations -- A range of musicality. Sense and sensibility : a range of musicality ; Things fall apart : amusia and dysharmonia ; Papa blows his nose in G : absolute pitch ; Pitch imperfect : cochlear amusia ; In living stereo : why we have two ears ; Two thousand operas : musical savants ; An auditory world : music and blindness ; The key of clear green : synesthesia and music -- Memory, movement, and music. In the moment : music and amnesia ; Speech and song : aphasia and music therapy ; Accidental davening : dyskinesia and cantillation ; Come together : music and Tourette's Syndrome ; Keeping time : rhythm and movement ; Kinetic melody: Parkinson's disease and music therapy -- Phantom fingers: the case of the one-armed pianist ; Athletes of the small muscles : musician's dystonia -- Emotion, identity, and music. Awake and asleep : musical dreams ; Seduction and indifference ; Lamentations : music and depression ; The case of Harry S. : music and emotion ; Irrepressible : music and the temporal lobes ; A hypermusical species : Williams Syndrome ; Music and identity : dementia and music therapy.
520 _aMusic can move us to the heights or depths of emotion. It can persuade us to buy something, or remind us of our first date. It can lift us out of depression when nothing else can. It can get us dancing to its beat. But the power of music goes much, much further. Indeed, music occupies more areas of our brain than language does--humans are a musical species. Oliver Sacks's compassionate, compelling tales of people struggling to adapt to different neurological conditions have fundamentally changed the way we think of our own brains, and of the human experience. Here, he examines the powers of music through the individual experiences of patients, musicians, and everyday people. Music is irresistible, haunting, and unforgettable, and Oliver Sacks tells us why.--From publisher description.
590 _ac.1 10026265 Ritt 1/11/08 $26.00.
650 2 _aMusic
_xpsychology.
653 _aმუსიკა
942 _2udc
_cBK
_e1
999 _c962
_d962